000 00587nam a22002297a 4500
003 UA-OsUOA
001 47128
007 ta
008 20070711b un ||||| |||| 00| 0 ukr d
100 _aИ.А. Головня
090 _a74
_bИ11
942 _cBK
040 _aUA-OsUOA
_brus
_cUA-OsUOA
_dUA-OsUOA
245 _aУчимся чеканить по металлу
300 _a51 с.
955 _a2
041 _arus
080 _a74
260 _aК.
_bРадянська школа
_c1986
650 7 _a7 Мистецтво. Ігри. Спорт.
_2UDC
999 _c333226
_d333226